Strategische Handels- und Industriepolitik Theoretische Grundlagen, Branchenanalysen und wettbewerbspolitische Implikationen
Gespeichert in:
| 1. Verfasser: | |
|---|---|
| Weitere Verfasser: | |
| Format: | Buch |
| Sprache: | Deutsch |
| Veröffentlicht: |
Tübingen
Mohr
1992
|
| Ausgabe: | 1. Aufl. |
| Schriftenreihe: | Kieler Studien
244 |
| Schlagworte: | |
| Tags: |
Keine Tags, Fügen Sie das erste Tag hinzu!
|
MARC
| LEADER | 00000nam a2200000 4500 | ||
|---|---|---|---|
| 001 | c004191 | ||
| 005 | 20221206083613.8 | ||
| 020 | |a 3-16-145962-8 | ||
| 041 | 0 | |a ger | |
| 044 | |a DE | ||
| 245 | 1 | 0 | |a Strategische Handels- und Industriepolitik |b Theoretische Grundlagen, Branchenanalysen und wettbewerbspolitische Implikationen |c Georg Bletschacher, Henning Klodt |
| 250 | |a 1. Aufl. | ||
| 264 | 1 | |a Tübingen |b Mohr |c 1992 | |
| 300 | |a 213 s. | ||
| 490 | 1 | |a Kieler Studien |v 244 | |
| 830 | 0 | |a Kieler Studien |v 244 | |
| 610 | 2 | 0 | |a politika obchodná |
| 610 | 2 | 0 | |a politika priemyselná |
| 610 | 2 | 0 | |a stratégia hospodárska |
| 610 | 2 | 0 | |a teórie ekonomické |
| 610 | 2 | 0 | |a analýza ekonomická |
| 610 | 2 | 0 | |a odvetvia činnosti ekonomickej |
| 610 | 2 | 0 | |a konkurencia |
| 610 | 2 | 0 | |a trh |
| 610 | 2 | 0 | |a OECD |
| 610 | 2 | 0 | |a Všeobecná dohoda o clách a obchode |
| 610 | 2 | 0 | |a Európske spoločenstvá |
| 610 | 2 | 0 | |a Európa |
| 610 | 2 | 0 | |a Japonsko |
| 610 | 2 | 0 | |a štúdie prípadové |
| 100 | 1 | |a Bletschacher, Georg | |
| 700 | 1 | |a Klodt, Henning | |